Конституционное правообразование в Российской Федерации Монография
Монография представляет собой комплексное научно-практическое исследование процесса конституционного правообразования включающего в себя весь спектр общественных отношений связанных с формированием объективных потребностей в конституционно-правовой регламентации общественных отношений и их удовлетво...
Сохранить в:
| Главный автор: | |
|---|---|
| Формат: | Монография |
| Редакция: | 1 |
| Серии: | Научная мысль |
| Online-ссылка: | https://znanium.com/catalog/document?id=414648 https://znanium.com/cover/1859/1859643.jpg |
| Метки: |
Добавить метку
Нет меток, Требуется 1-ая метка записи!
|
| LEADER | 03870nam0a2200385 i 4500 | ||
|---|---|---|---|
| 001 | RU\infra-m\znanium\bibl\1859643 | ||
| 003 | https://znanium.com/catalog/document?id=414648 | ||
| 005 | 20220607000000.0 | ||
| 010 | |a 978-5-16-017516-4 | ||
| 010 | |a 978-5-16-110035-6 |b электр. издание | ||
| 100 | |a 20220607d2022 m y0rusy0150 ca | ||
| 101 | 0 | |a rus | |
| 102 | |a RU | ||
| 200 | 1 | |a Конституционное правообразование в Российской Федерации |e Монография |f Арбитражный суд Западно-Сибирского округа | |
| 205 | |a 1 | ||
| 210 | 1 | |a Москва |c ООО "Научно-издательский центр ИНФРА-М" |d 2022 | |
| 215 | |a 197 с. | ||
| 225 | 1 | |a Научная мысль | |
| 330 | |a Монография представляет собой комплексное научно-практическое исследование процесса конституционного правообразования включающего в себя весь спектр общественных отношений связанных с формированием объективных потребностей в конституционно-правовой регламентации общественных отношений и их удовлетворением посредством сознательно-волевой деятельности компетентных субъектов (путем принятия пересмотра Конституции Российской Федерации и конституционных поправок интерпретационно-правотворческой активности Конституционного Суда Российской Федерации). Конституционное правообразование представлено в качестве самостоятельной категории конституционного права которая обладает своим содержанием принципами сущностными особенностями социальным значением и развитой типологией. Кроме того рассмотрена современная нормативная модель конституционного правообразования и предложены возможные направления ее дальнейшего развития. Для широкого круга читателей интересующихся вопросами права. Может быть полезна студентам аспирантам и преподавателям юридических вузов. | ||
| 333 | |a Дополнительное профессиональное образование | ||
| 606 | |a Право. Юридические науки |x Конституционное (государственное) право |2 local | ||
| 608 | |a Монография |2 local | ||
| 675 | |a 342(075.4) |z rus | ||
| 686 | |a 67.400 |2 rubbk | ||
| 686 | |a 38.05.01 |2 okso | ||
| 686 | |a 40.03.01 |2 okso | ||
| 686 | |a 40.05.01 |2 okso | ||
| 686 | |a 40.05.02 |2 okso | ||
| 686 | |a 40.05.03 |2 okso | ||
| 686 | |a 40.05.04 |2 okso | ||
| 686 | |a 40.06.01 |2 okso | ||
| 700 | 1 | |a Дерхо |b Д.С. |g Даниил Сергеевич |p Арбитражный суд Западно-Сибирского округа | |
| 801 | 0 | |a RU |b Общество с ограниченной ответственностью «ЗНАНИУМ» |c 20211215 |2 rusmarc | |
| 856 | 4 | |a znanium.com |m ebs_support@infra-m.ru |n НИЦ ИНФРА-М |u https://znanium.com/catalog/document?id=414648 | |
| 856 | 4 | 1 | |a znanium.com |d /cover/1859 |f 1859643.jpg |q image/jpeg |u https://znanium.com/cover/1859/1859643.jpg |